| 000 | 01464nam0a2200325 4500 | ||
|---|---|---|---|
| 001 | RU\NLR\ONL2\1113 | ||
| 005 | 20260607073114.0 | ||
| 010 | _a5-7761-0783-0 | ||
| 035 | _a(NLR Aleph) 009648719 | ||
| 090 |
_a9569535 _c9569535 |
||
| 100 | _a20030317d2001 |||y0rusy50 ca | ||
| 101 | 0 | _atat | |
| 102 | _aRU | ||
| 105 | _aa ||||||||| | ||
| 200 | 1 |
_aЯна тарих, 1800-1918 _eТатар урта гомуми белем мэкт. 8 нче с-фы очон д-лек _fА.Я.Юдовская, П.А.Баранов, Л.М.Ванюшкина |
|
| 210 |
_aКазан _cМэгариф _d2001 |
||
| 215 |
_a340,[1]б., [16]л. цв. ил. _cил. _d22 |
||
| 541 | 1 |
_aНовая история, 1800-1918 _eУчеб. для 8 кл. общеобразоват. учреждений _zrus |
|
| 606 | 0 |
_aНовая история _z1800 - 1918 _92077774 _3RU\NLR\auth\661253486 |
|
| 686 | 1 | _aТ3(0)5 я72 | |
| 700 | 1 |
_4070 _8rus _7ca _aЮдовская _bА. Я. _gАнна Яковлевна _3RU\NLR\AUTH\773906 _9113895 |
|
| 701 | 1 |
_4070 _7ca _8rus _aБаранов _bП. А. _cд-р пед. наук _gПётр Анатольевич _9113892 _3RU\NLR\AUTH\773903 |
|
| 701 | 1 |
_4070 _7ca _8rus _aВанюшкина _bЛ. М. _gЛюбовь Максимовна _9113893 _3RU\NLR\AUTH\773904 |
|
| 801 | 0 |
_aRU _bNLR _c20030317 _gPSBO |
|
| 852 |
_aNLR _bОНЛ _jТатар./3-12692 |
||
| 942 | _cBOOK | ||
| 980 | _aNB | ||
| 980 | _aONL_RF | ||